Kehidupan dan pergaulan rumahtangga Islam : (Record no. 889)

000 -LEADER
fixed length control field nam a22 a 4500
003 - CONTROL NUMBER IDENTIFIER
control field AKMAL
005 - DATE AND TIME OF LATEST TRANSACTION
control field 20170505163230.0
008 - FIXED-LENGTH DATA ELEMENTS--GENERAL INFORMATION
fixed length control field 170505s1989 my 00 ind d
020 ## - INTERNATIONAL STANDARD BOOK NUMBER
Terms of availability Rgt. 2.20
040 ## - CATALOGING SOURCE
Original cataloging agency AKMAL
082 04 - DEWEY DECIMAL CLASSIFICATION NUMBER
Classification number 297.1229 MOH
090 ## - LOCALLY ASSIGNED LC-TYPE CALL NUMBER (OCLC); LOCAL CALL NUMBER (RLIN)
Classification number (OCLC) (R) ; Classification number, CALL (RLIN) (NR) 297.1229
Local cutter number (OCLC) ; Book number/undivided call number, CALL (RLIN) MOH
100 ## - MAIN ENTRY--PERSONAL NAME
Personal name Ahmad Sonhadji Mohamad,
Dates associated with a name 1922-
9 (RLIN) 1812
245 ## - TITLE STATEMENT
Title Kehidupan dan pergaulan rumahtangga Islam :
Remainder of title tafsir surah an-nur /
Statement of responsibility, etc. Ahmad Sonhadji Mohamad
260 ## - PUBLICATION, DISTRIBUTION, ETC.
Place of publication, distribution, etc. Kuala Llumpur :
Name of publisher, distributor, etc. Pustaka al Mizan,
Date of publication, distribution, etc. 1989
300 ## - PHYSICAL DESCRIPTION
Extent v, 122ms. ;
Dimensions 21cm
500 ## - GENERAL NOTE
General note Mengandungi ayat-ayat dari al Quran
521 ## - TARGET AUDIENCE NOTE
Target audience note Peringkat pembaca: Dewasa
650 ## - SUBJECT ADDED ENTRY--TOPICAL TERM
Topical term or geographic name entry element Marriage (Islamic law)
9 (RLIN) 1898
650 ## - SUBJECT ADDED ENTRY--TOPICAL TERM
Topical term or geographic name entry element Marriage customs and rites, Islamic
9 (RLIN) 1899
650 ## - SUBJECT ADDED ENTRY--TOPICAL TERM
Topical term or geographic name entry element Marriage
General subdivision Islam
9 (RLIN) 1547
942 ## - ADDED ENTRY ELEMENTS (KOHA)
Source of classification or shelving scheme
Koha item type Book
Holdings
Withdrawn status Lost status Source of classification or shelving scheme Damaged status Not for loan Collection code Home library Current library Shelving location Date acquired Inventory number Total Checkouts Full call number Barcode Date last seen Price effective from Koha item type
          NON-FICTION AKMAL Melaka AKMAL Melaka PINJAMAN 05.05.2017 200100   297.1229 MOH 201701903 05.05.2017 05.05.2017 Book
Pusat Sumber Maklumat Dato' Haji Sarmin Md Hussin, Akademi Kastam Diraja Malaysia, Melaka
Tel: 06-2331106 | Faks: 06-2313787